Obálka Náhled e-knihy:
Epub
Pro půjčování e-knih musíte být přihlášeni.
Jak si půjčit online?

Už žádné drama : naučte se zvládat nezdravé rodinné vztahy /

Autorka v knize radí, jak se naučit identifikovat dysfunkční rodinné vzorce a vybrat tu nejlepší možnou cestu pro nápravu vztahů tam, kde je to ještě možné. Rodinu si nevybíráme, ale to, co si necháme líbit, ano.

Uloženo v:
Hlavní autor: Tawwab, Nedra Glover (Autor)
Další autoři: Mirovská, Helena, 1979- (Autor)
Médium: E-kniha
Jazyk:Czech
Vydáno: V Brně : Jan Melvil Publishing, 2024
Vydání:Vydání první
Edice:Žádná velká věda
Témata:
On-line přístup:Plný text - pro registrované uživatele NK ČR
Tagy:
Žádné tagy
LEADER 02789nam a2200625 i 4500
001 312484
003 CZ PrSKC
005 20260601215723.0
007 ta
008 240830s2024 xr e f 001 0 cze
015 |a cnb003628430 
020 |a 9788075552228  |q (brožováno) 
035 |a (OCoLC)1459785652 
040 |a OLA001  |b cze  |d ABA001  |e rda 
041 1 |a cze  |h eng 
072 7 |a 316.4/.7  |x Sociální interakce. Sociální komunikace  |2 Konspekt 
080 |a 316.356.2  |2 MRF 
080 |a 316.48:316.362  |2 MRF 
080 |a 316.772.4  |2 MRF 
080 |a 316.648.4  |2 MRF 
080 |a 159.923.5  |2 MRF 
080 |a (0.062)  |2 MRF 
100 1 |a Tawwab, Nedra Glover  |7 xx0267009  |4 aut 
240 1 0 |a Drama free.  |l Česky 
245 1 0 |a Už žádné drama :  |b naučte se zvládat nezdravé rodinné vztahy /  |c Nedra Glover Tawwab ; překlad Helena Mirovská 
250 |a Vydání první 
264 1 |a V Brně :  |b Jan Melvil Publishing,  |c 2024 
300 |a 247 stran ;  |c 22 cm 
336 |a text  |b txt  |2 rdacontent 
337 |a bez média  |b n  |2 rdamedia 
338 |a svazek  |b nc  |2 rdacarrier 
490 1 |a Žádná velká věda 
500 |a Přeloženo z angličtiny 
504 |a Obsahuje bibliografii a rejstřík 
520 2 |a Autorka v knize radí, jak se naučit identifikovat dysfunkční rodinné vzorce a vybrat tu nejlepší možnou cestu pro nápravu vztahů tam, kde je to ještě možné. Rodinu si nevybíráme, ale to, co si necháme líbit, ano. 
650 0 7 |a rodinné vztahy  |7 ph135535  |2 czenas 
650 0 7 |a rodinné konflikty  |7 ph814040  |2 czenas 
650 0 7 |a interpersonální komunikace  |7 ph121153  |2 czenas 
650 0 7 |a změna postoje  |7 ph615993  |2 czenas 
650 0 7 |a rozvoj osobnosti  |7 ph194683  |2 czenas 
650 0 9 |a family relationships  |2 eczenas 
650 0 9 |a family conflicts  |2 eczenas 
650 0 9 |a interpersonal communication  |2 eczenas 
650 0 9 |a attitude change  |2 eczenas 
650 0 9 |a personality development  |2 eczenas 
655 7 |a populárně-naučné publikace  |7 fd131864  |2 czenas 
655 9 |a popular works  |2 eczenas 
700 1 |a Mirovská, Helena,  |d 1979-  |7 xx0165974  |4 trl 
830 0 |a Žádná velká věda 
856 4 1 |u https://www.bookport.cz/AccountSaml/SignIn/?idp=https%3A%2F%2Fshibboleth.nkp.cz%2Fidp%2Fshibboleth&returnUrl=/kniha/uz-zadne-drama-12856/  |y Plný text - pro registrované uživatele NK ČR  |4 N 
900 |a ABA001  |b 20 
044 |a xr 
910 |a RBIT002 
998 |d 410116  |a https://core.palmknihy.cz/api/books/410116/cover?sik4yg  |b https://core.palmknihy.cz/api/books/410116/cover/400?sik4yg  |c https://core.palmknihy.cz/api/books/410116/cover/50?sik4yg  |e   |g 248  |i 9788075552228  |j https://core.palmknihy.cz/api/books/410116/preview.epub  |l   |q 49  |r 1  |s https://www.palmknihy.cz/kniha/410116  |t ebook  |y 2024  |z 0 
999 |d 312482